| 000 | 01197njm a22002897a 4500 | ||
|---|---|---|---|
| 005 | 20100917142115.0 | ||
| 006 | a|||||r|||||00| 0 | ||
| 007 | sd ammalaaahaa | ||
| 008 | 100831t xxu||||| |||| 00| 0 eng d | ||
| 028 |
_aECLP.5615 _bHis Master's Voice |
||
| 035 | _aGR-03377 | ||
| 040 |
_aSED _cSED |
||
| 100 |
_aMangeshkar, Lata _917690 |
||
| 245 |
_aDil apna aur preet parai / _cby Lata Mangeshkar [and] Mohd.Rafi _h[Sound Recording] : |
||
| 246 | _aदिल अपना और प्रीत परे / लता मंगेशकर द्वारा | ||
| 260 |
_aDum Dum India _bHis Master's Voice _c1979 |
||
| 300 |
_a1 sound disc (Gramophone Recording) _banalog 33 1/3 rpm _c12 in. (LP) _fGramophone Record |
||
| 500 | _aBrief Record | ||
| 500 | _aRecord label: His Master's Voice; Red | ||
| 505 | _aSide-1 Dil apna aur preet parai (Lata Mangeshkar) -- Side-2 Andaz mera mastana (Lata Mangeshkar & Chorus) | ||
| 600 |
_aMangeshkar, Lata _91184 |
||
| 650 |
_aUrdu Ghazal _xExcerpts _zIndia _917691 |
||
| 700 |
_aBhosle, Asha _920522 |
||
| 700 |
_aMohd.Rafi _920523 |
||
| 942 |
_2ddc _cGR |
||
| 999 |
_c46493 _d46493 |
||